Регионална библиотека "Любен Каравелов" - Русе

[Деветдесет и шест] 96 приказки за лека нощ (Запис номер 84136)

MARC детайли
000 -Лидер
Контролно поле с фиксирана дължина 01315nam a2200325 c 4500
003 - Код на организацията, давaща контролен номер
Контролно поле BLK
005 - Дата и час на последна редакция
Контролно поле 20231101005151.0
008 - Елементи от данни с фиксирана дължина
fixed length control field 180408b bul|||||r ||||||| ||bul||
010 ## - Наследен системен номер
LC control number KNG00088702000
020 ## - Международен стандартен номер на книга ISBN
Международен стандартен номер на книга ISBN 978-954-26-0669-7
-- издат.: Хермес
040 ## - Източник на каталожния запис
Идентификатор на билиотеката - собственик на записа BLK
041 ## - Код за език
Код за езика на текст/звукозапис или на отделно заглавие Български
Код за езика КДБФ Български
080 ## - УДК
Текстов определител УДК Българска литература
УДК код - определител по УДК 821.163.2
УДК определител -93-91
УДК - код + определител 821.163.2-93-91
139 ## - Редно поле
Редна дума Атанасова, Венера Иванова
Авторски знак Ат - А 93
245 10 - Сведения за заглавието
Заглавие [Деветдесет и шест] 96 приказки за лека нощ
Редно поле (дума) състав. и прев. Венера Иванова Атанасова; ил. Борис Николов Стоилов.
250 ## - Област на изданието
Сведения за изданието 2. изд.
257 ## - Страна на издаване
Страна на създаване/издаване България
260 ## - Област на издателските данни
-- Пловдив
Име на издателя, разпространителя и проч. Хермес
Година на издаване 2008
Печатница София : Д. Благоев
300 ## - Физическа характеристика
Страници 223 с.
Илюстрации и др. с ил.
Размери/Мащаб 24 см
380 ## - Жанр
Жанр Детска худож. лит.
500 ## - Общи забележки
Забележка Състав. не е отбелязана на кор. - 1. изд. 2006
700 1# - Други автори (авторска отговорност)
Лично име Атанасова, Венера Иванова
Автороска отговорност (Описва отношението между автора и произведението) състав. и прев.
9 (RLIN) 363320
700 ## - Други автори (авторска отговорност)
Лично име Стоилов, Борис Николов
Автороска отговорност (Описва отношението между автора и произведението) ил.
9 (RLIN) 245570
852 ## - Местоположение
Форматна сигнатура Цб 243504
856 4# - Електронен адрес и достъп
Електронен формат pdf - файл
Път до файла /url/
856 4# - Електронен адрес и достъп
Електронен формат pdf - файл
Път до файла /url/
942 ## - АРТИКУЛИ
Вид на библиотечния материал Книги
Скрит в OPAC Не
944 ## - СЪЗДАВАНЕ И РЕДАКЦИЯ на ЗАПИСА
Създаване/Редакция Създаване
Дата на регистрацията/редакция 02.04.2009
Служител, извършил регистрацията/редакцията
Статус, дата на статуса CRON CRON
944 ## - СЪЗДАВАНЕ И РЕДАКЦИЯ на ЗАПИСА
Създаване/Редакция Редакция
Дата на регистрацията/редакция 13.05.2009
Служител, извършил регистрацията/редакцията
999 ## - СИСТЕМНИ КОНТРОЛНИ НОМЕРА
Koha biblionumber 84136
Koha biblioitemnumber 84136
Наличности
Код за отписване Код за изгубен артикул Код за повреда Коз за рестрикции Код за отдаване Артикулен № Име на библиотеката - собственик Име на библиотеката, в която се намира в момента Статус (Текущо местоположение) Дата на вписване в системата Местоположение - отдел Цена в лева Инвентарен номер Систематично азбучна сигнатура Баркод Номер на екземпляра Цена в евро Служебна бележка Служебен тип на артикула
  Не е изгубен Не е повреден без рестрикции ползва се в читалня 136628 Регионална библиотека "Любен Каравелов" Русе Регионална библиотека "Любен Каравелов" Русе Хранилище 2009-04-02 Хранилище 11.99 120000734736 Цб 243504 120000734736 1 6.13 Дост: Dp Вид: Д N: 44 Дата: 15.10.2008 Книги
Vip Innovations Ltd, Rousse, Bulgaria 2025